000 00577nam a22001817a 4500
005 20231116062920.0
008 231116b |||||||| |||| 00| 0 eng d
020 _a922103710 X
041 _aEnglish
082 _a344.1 INT
100 _lEnglish
245 _aInternational Labour Standards on Vocational Rehabilitation :
_bGuide-lines for Implementation
250 _aFirst Edition
260 _aGeneva :
_bInternational Labour Organisation,
_c1984
300 _b33 pages ;
_c25 cm.
650 _aLegal practice
_bLaw
942 _cBK
_6ALISON_BN_VRIES
999 _c699
_d699